000 00216 a2200109 4500
001 44144
040 _cAnchieta - Aquarius
240 1 0 _aCante com Doki
_l
245 1 0 _aCante com Doki
650 4 _aMúsica
942 _cMU
999 _c44144
_d44144